000 00875nam a22002297a 4500
999 _c1979
_d1979
003 AR-CdUCM
008 190228b ||||| |||| 00| 0 spa d
020 _a978-9972-792-51-9
040 _aMUNICIPALIDAD PROVINCIAL DEL CUSCO
_cBIBLIOTECA MUNICIPAL DEL CUSCO
082 _a333.7316 /
_bS66
100 _aSolano, Pedro
_97213
245 _aLa esperanza es verde :
_báreas naturales protegidas en el Perú /
260 _aLima :
_bSociedad Peruana de Derecho Ambiental,
_c2011.
300 _a292 paginas ;.
_bIlustraciones, mapas.
_c21 cm.
505 _aÁreas protegidas -- Áreas naturales -- Derecho ambienta l-- Política ambiental -- Historia Áreas naturales...
650 _aÁreas naturales
_97214
650 _aMedio ambiente
_97215
650 _aFlora y fauna
_97216
650 _aPatrimonio natural
_97217
942 _2ddc
_cLIBROS
945 _awnts
_d2019-02-28